• 首页
  • 本馆介绍
  • 公告通知
  • 最新文献
  • 馆藏检索
  • 电子资源
  • 读者导购
  • 参考咨询
  • 我的图书馆
  • 登录
  • 详细信息显示
  • 放入我的书架
  • 预约/预借图书
  • 作者相关作品
  • 分类相关作品
  • 丛书相关作品
  • 出版社相关作品

书目信息

  • 表格格式
  • 工作单格式
  • 卡片格式
题名:
物理学
    
 
作者: ;复旦大学物理系 , 上海师范大学物理系 编
分册:   电磁学
出版信息: 上海   上海科学技术出版社  1979
页数: 462页
开本: 21cm
丛书名:
单 册:
中图分类: O44
科图分类:
主题词: 电磁学 , 电动力学
电子资源:
ISBN:
000 00694nam0 2200241 45
001 0405210850
005 20060814102715.73
010    @dCNY1.65
091    @a13119.754
100    @a20040521d1979 km y0chiy0120 ea
101 0  @achi
200 1  @a物理学@AWu Li Xue@i电磁学@f复旦大学物理系,上海师范大学物理系编@FFu DanDa Xue Wu Li Xi,Shang Hai Shi Fan Da Xue Wu Li Xi Bian
210    @a上海@c上海科学技术出版社@d1979
215    @a462页@d21cm
300    @a高等学校试用教材
517    @a电磁学@ADian Ci Xue
606 0  @a电磁学
606 0  @a电动力学
690    @aO44@v3
711 02 @a复旦大学物理系@4编
711 02 @a上海师范大学物理系@4编
801    @aCN@bPftUser@c20060814
905    @dO44@e13
    
    物理学.电磁学/复旦大学物理系,上海师范大学物理系编.-上海:上海科学技术出版社,1979
    462页;21cm
    高等学校试用教材
    
    ISBN :CNY1.65
    
●
相关链接 在E读中查询图书 在五车中查询图书 在当当中查询图书 在豆瓣中查询图书


正题名:物理学     索取号:O44/13         预约/预借

序号 登录号 条形码 馆藏地/架位号 状态 备注
1 0019182   202280851   密集书库/ [索取号:O44/13] 在馆    
2 0019183   202281226   密集书库/ [索取号:O44/13] 在馆    
3 0019184   202280717   密集书库/ [索取号:O44/13] 在馆    
4 0019185   202280888   密集书库/ [索取号:O44/13] 在馆    
5 0019187   202280842   密集书库/ [索取号:O44/13] 在馆    
6 0019188   202280897   密集书库/ [索取号:O44/13] 在馆    
7 0019190   202363655   密集书库/ [索取号:O44/13] 在馆    
8 0019191   202281235   密集书库/ [索取号:O44/13] 在馆    
9 0043484   001937710   第三借阅区/ [索取号:O44/13] 在馆    
10 0043485   001461812   第三借阅区/ [索取号:O44/13] 在馆    
11 0043486   001461858   第三借阅区/ [索取号:O44/13] 在馆    
12 0043487   202281217   密集书库/ [索取号:O44/13] 在馆    
13 0043488   202363646   密集书库/ [索取号:O44/13] 在馆    
14 0119090   202363682   密集书库/ [索取号:O44/13] 在馆    
15 0119091   202099059   第二样本阅览室/ [索取号:O44/13] 在馆    
16 0460933   204609334   密集书库/ [索取号:O44/13] 在馆    
17 0460934   204609343   密集书库/ [索取号:O44/13] 在馆    
18 0460935   204609352   密集书库/ [索取号:O44/13] 在馆    
19 0460936   204609361   密集书库/ [索取号:O44/13] 在馆    
唐山师范学院图书馆 欢迎您!
大连网信软件有限公司© 版权所有